Statistiken für Frankfurter Stadtteile mit Karte

Klicken Sie hier um das Quiz zu spielen!

Allgemein

  • Dieses Quiz wurde 1.770 mal gespielt
  • Das Durchschnittsergebnis liegt bei 26 aus 46

Antworten auf der Karte

Die Antworten werden auf der Karte rot bzw. grün angezeigt, abhängig davon wie oft sie richtig erraten wurden.
 

Antwortstatistiken

Stadtteil% Korrekt
Sachsenhausen-Nord
88%
Sachsenhausen-Süd
88%
Nied
85%
Höchst
78%
Bornheim
75%
Niederrad
75%
Ostend
74%
Bockenheim
73%
Gallus
73%
Innenstadt
70%
Flughafen
69%
Bahnhofsviertel
67%
Bergen-Enkheim
63%
Oberrad
63%
Altstadt
60%
Griesheim
60%
Preungesheim
60%
Ginnheim
59%
Kalbach-Riedberg
59%
Bonames
58%
Fechenheim
58%
Rödelheim
58%
Schwanheim
57%
Eschersheim
55%
Frankfurter Berg
55%
Praunheim
54%
Hausen
52%
Heddernheim
52%
Sossenheim
52%
Zeilsheim
52%
Nieder-Eschbach
51%
Gutleutviertel
49%
Dornbusch
48%
Seckbach
47%
Nordend-West
46%
Westend-Süd
46%
Nordend-Ost
45%
Riederwald
45%
Westend-Nord
45%
Eckenheim
44%
Niederursel
44%
Unterliederbach
44%
Sindlingen
42%
Nieder-Erlenbach
40%
Berkersheim
37%
Harheim
34%

Verteilung der Resultate

Perzentil nach korrekt beantworteten Fragen

Anzahl Personen mit jedem Resultat

Ihre Resultats-Entwicklung

Sie haben dieses Quiz noch nicht gespielt